Normal view
MARC view
- Lomas, B.
Entry Personal Name
001 - CONTROL NUMBER
- control field: 7381
003 - CONTROL NUMBER IDENTIFIER
- control field: OSt
005 - DATE AND TIME OF LATEST TRANSACTION
- control field: 20170523160813.0
008 - FIXED-LENGTH DATA ELEMENTS
- fixed length control field: 170523|| aca||aabn | a|a d
040 ## - CATALOGING SOURCE
- Original cataloging agency: OSt
- Transcribing agency: OSt
100 ## - HEADING--PERSONAL NAME
- Personal name: Lomas, B.
- Fuller form of name: (Brenda).
670 ## - SOURCE DATA FOUND
- Source citation: Work cat.: (OSt): Hearle, J. W. S. 1925- 7380, Atlas of fibre fracture and damage to textiles /, 1998

PORTAL AKMAL
E-MEL JKDM
AKMAL2U
G-BAM
u-PUSTAKA